Design

Bibliographic Details
Main Author: Peters, Tom
Format: Book
Published: New York : Dorling Kindersley Publishing, Inc. , 2005
Subjects:

MARC

LEADER 00000cam a2200000 7i4500
001 0000095708
005 20051007.0
020 |a 1405302585 
090 0 0 |a 658.406   |b PET 
100 1 |a Peters, Tom 
245 1 0 |a Design   |c Tom Peters 
260 |a New York :   |b Dorling Kindersley Publishing, Inc. ,   |c 2005 
300 |a 160p. ;   |c 19cm. 
650 0 0 |a Ability 
650 0 0 |a Leadership 
650 0 0 |a Management 
650 0 0 |a Organizational change   |x Management 
650 0 0 |a Organizational effectiveness 
999 |a 00186700   |b BUKU   |c PINJAMAN   |e PERPUSTAKAAN KOMUNITI PETALING JAYA